000 00570nam a22001697a 4500
003 OSt
008 260629b |||||||| |||| 00| 0 eng d
020 _a9781439869512
082 _a519.5360285
_bM81A
100 _aMoodie, Patricia F.
245 _aApplied Regression and ANOVA Using SAS/ by Patricia F. Moodie, Dallas E. Johnson
260 _aBoca Raton :
_bCRC Press
_c2021.
300 _axxi, 405 p.
650 _aNatural sciences & mathematics | Probabilities & applied mathematics | Mathematical statistics
700 _aJohnson, Dallas E.
942 _2ddc
_cBK
999 _c52427
_d52427